00574 2200217 4500001002100000005001500021035002000036007000300056008004100059020002200100082001100122084001700133100001500150245004500165260003100210300003700241700001400278700001900292700002700311700001800338INLIS00000000000033020260115025639 a0010-0126000023ta260115 0 ind  a978-623-522-073-4 a657.45 a657.45 HAR p0 aHarti, dwi1 aPengelolaan Keuangan Sederhana Kelas XII aJakarta :bErlangga,c2024 aviii + 133 hlm. ;c17,5 x 25 cm.0 aKusmayadi0 aBudianto, aris0 aAbdillah, zuhdan kamal0 aSumarsih, sri